First Word Romantic Comedies Quiz Stats

 Plays Quiz Updated Oct 3, 2017

Challenge
Share
Tweet
Embed
Score 0/30 Timer 04:00
13 Plays Today
First Word % Correct
How
98.3%
When
98.2%
My
98%
Sweet
98%
Breakfast
97.9%
Me
97.7%
Friends
97.1%
10
97%
There's
96.2%
Bridget
96%
Never
95.8%
Sleepless
95.5%
Along
93.4%
He's
93.1%
While
92.4%
First Word % Correct
Crazy,
91.3%
Pretty
90.6%
13
89.9%
Maid
85.3%
Forgetting
82.9%
High
82%
Risky
81.2%
Notting
76.2%
Easy
72.2%
Punch
71.3%
(500)
69.8%
Bringing
57.6%
His
57.3%
Knocked
42%
Groundhog
33.4%

You're not logged in!

Compare scores with friends on all Sporcle quizzes.
OR
Log In

You Might Also Like...

Show Comments

Extras

Top Quizzes Today


Score Distribution

Your Account Isn't Verified!

In order to create a playlist on Sporcle, you need to verify the email address you used during registration. Go to your Sporcle Settings to finish the process.

Report this User

Report this user for behavior that violates our Community Guidelines.

Details: